| 000 | 00728cam a22002411 4500 | ||
|---|---|---|---|
| 001 | g 01001819 | ||
| 003 | DLC | ||
| 005 | 20260227111256.0 | ||
| 008 | 890204s1900 gw 000 0 ger | ||
| 010 | _ag 01001819 | ||
| 035 | _a(OCoLC)19103002 | ||
| 040 |
_aDLC _cCU _dCU _dDLC |
||
| 042 | _apremarc | ||
| 050 | 0 | 0 |
_aDD901.M15 _bF3 |
| 100 | 1 |
_aFaust, Wilhelm, _d1875- |
|
| 245 | 0 | 4 | _aDer streit des erzbishofs Günther II. mit der stadt Magdeburg. 1429-1435 ... |
| 260 |
_aHalle a.S., _bDruck von E. Karras, _c1900. |
||
| 300 |
_a2 p. l., 58 p., 1 l. _c23 cm. |
||
| 502 | _aInaug.-diss.--Halle. | ||
| 500 | _aVita. | ||
| 600 | 0 | 0 |
_aGünther _bII, _cabp. of Magdeburg, _d1382-1442. |
| 651 | 0 |
_aMagdeburg (Germany) _xHistory. |
|
| 999 |
_c23844 _d23844 |
||